Sports Quiz

Random Sports Quiz

Name the last 20 Heisman winners as of 2014 Quiz Stats

 Plays Quiz not verified by Sporcle

Score 0/20 Timer 03:00
0 Plays Today
year player % Correct
2007Tim Tebow
88.6%
2013Jameis Winston
88.6%
2014Marcus Mariota
86.4%
2004Matt Leinart
84.1%
2009Mark Ingram
75%
1997Charles Woodson
72.7%
2008Sam Bradford
72.7%
2003Jason White
70.5%
2012Johnny Manziel
70.5%
2006Troy Smith
65.9%
year player % Correct
2010Cam Newton
63.6%
2011Robert Griffin III
61.4%
2002Carson Palmer
59.1%
2000Chris Weinke
52.3%
2001Eric Crouch
52.3%
1999Ron Dayne
50%
1995Eddie George
40.9%
1998Ricky Williams
40.9%
1996Danny Wuerffel
31.8%
1994Rashaan Salaam
29.5%

You're not logged in!

Compare scores with friends on all Sporcle quizzes.
OR
Log In

You Might Also Like...

Show Comments

Extras

Created Jan 3, 2015ReportNominate
Tags:2014, last, player, winner

Top Quizzes Today


Score Distribution

Your Account Isn't Verified!

In order to create a playlist on Sporcle, you need to verify the email address you used during registration. Go to your Sporcle Settings to finish the process.

Report this User

Report this user for behavior that violates our Community Guidelines.

Details: